<?xml version="1.0" encoding="UTF-8"?>
<record
    xmlns:xsi="http://www.w3.org/2001/XMLSchema-instance"
    xsi:schemaLocation="http://www.loc.gov/MARC21/slim http://www.loc.gov/standards/marcxml/schema/MARC21slim.xsd"
    xmlns="http://www.loc.gov/MARC21/slim">

  <leader>01914cam a22003374i 4500</leader>
  <controlfield tag="003">PE-LiUPU</controlfield>
  <controlfield tag="005">20250923122953.0</controlfield>
  <controlfield tag="008">2021xxxxes     pe a    rb    000 0 spa d</controlfield>
  <datafield tag="020" ind1=" " ind2=" ">
    <subfield code="a">9788420012612</subfield>
  </datafield>
  <datafield tag="035" ind1=" " ind2=" ">
    <subfield code="a">PE-LiUPU000020</subfield>
  </datafield>
  <datafield tag="040" ind1=" " ind2=" ">
    <subfield code="a">PE-LiUPU</subfield>
    <subfield code="b">spa</subfield>
    <subfield code="c">PE-LiUPU</subfield>
    <subfield code="e">rda</subfield>
  </datafield>
  <datafield tag="082" ind1="0" ind2="4">
    <subfield code="a">664.07</subfield>
    <subfield code="b">R741q</subfield>
    <subfield code="2">23</subfield>
  </datafield>
  <datafield tag="100" ind1=" " ind2=" ">
    <subfield code="a">Rojas, Cristian,</subfield>
    <subfield code="e">autor.</subfield>
    <subfield code="9">6926</subfield>
  </datafield>
  <datafield tag="245" ind1="1" ind2="0">
    <subfield code="a">Qu&#xED;mica computacional de los alimentos :</subfield>
    <subfield code="b">relaciones cuantitativas estructura-actividad/propiedad (QSAR/QSPR) /</subfield>
    <subfield code="c">por Cristian Rojas y Pablo R. Duchowicz.</subfield>
  </datafield>
  <datafield tag="264" ind1=" " ind2="1">
    <subfield code="a">Zaragoza :</subfield>
    <subfield code="b">Editorial Acribia,</subfield>
    <subfield code="c">2021.</subfield>
  </datafield>
  <datafield tag="300" ind1=" " ind2=" ">
    <subfield code="a">177 p&#xE1;ginas :</subfield>
    <subfield code="b">ilustraciones, gr&#xE1;ficos ;</subfield>
    <subfield code="c">24 cm</subfield>
  </datafield>
  <datafield tag="336" ind1=" " ind2=" ">
    <subfield code="a">text</subfield>
    <subfield code="2">rdacontent</subfield>
  </datafield>
  <datafield tag="337" ind1=" " ind2=" ">
    <subfield code="a">unmediated</subfield>
    <subfield code="2">rdamedia</subfield>
  </datafield>
  <datafield tag="338" ind1=" " ind2=" ">
    <subfield code="a">volume</subfield>
    <subfield code="2">rdacarrier</subfield>
  </datafield>
  <datafield tag="504" ind1=" " ind2=" ">
    <subfield code="a">Incluye bibliograf&#xED;a e &#xED;ndice alfab&#xE9;tico.</subfield>
  </datafield>
  <datafield tag="505" ind1="0" ind2=" ">
    <subfield code="a">Relaciones cuantitativas estructura-actividad/propiedad -- Descriptores moleculares -- M&#xE9;todos quimiom&#xE9;tricos -- Aplicaciones a compuestos org&#xE1;nicos vol&#xE1;tiles -- Modelado computacional de dulzor y amargor -- An&#xE1;lisis de contaminantes -- Validaci&#xF3;n y reducci&#xF3;n de datos -- Desarrollo de modelos in silico.</subfield>
  </datafield>
  <datafield tag="520" ind1=" " ind2=" ">
    <subfield code="a">Primera obra en espa&#xF1;ol dedicada a las aplicaciones de la qu&#xED;mica computacional a los alimentos, mediante modelos QSAR/QSPR. Incluye teor&#xED;a, metodolog&#xED;a, aplicaciones pr&#xE1;cticas y herramientas para el desarrollo de predicciones sobre propiedades fisicoqu&#xED;micas, sensoriales y de seguridad alimentaria.</subfield>
  </datafield>
  <datafield tag="650" ind1="1" ind2="0">
    <subfield code="a">Qu&#xED;mica de los alimentos</subfield>
    <subfield code="x">Modelos moleculares.</subfield>
    <subfield code="9">6927</subfield>
  </datafield>
  <datafield tag="650" ind1="1" ind2="0">
    <subfield code="a">Alimentos</subfield>
    <subfield code="x">An&#xE1;lisis computacional.</subfield>
    <subfield code="9">6928</subfield>
  </datafield>
  <datafield tag="650" ind1=" " ind2="0">
    <subfield code="a">Quimiometr&#xED;a</subfield>
    <subfield code="x">Aplicaciones.</subfield>
    <subfield code="9">6929</subfield>
  </datafield>
  <datafield tag="700" ind1=" " ind2=" ">
    <subfield code="a">Duchowicz, Pablo R.,</subfield>
    <subfield code="e">autor.</subfield>
    <subfield code="9">6930</subfield>
  </datafield>
  <datafield tag="710" ind1=" " ind2=" ">
    <subfield code="a">Editorial Acribia,</subfield>
    <subfield code="e">editor.</subfield>
    <subfield code="9">6931</subfield>
  </datafield>
  <datafield tag="856" ind1="4" ind2="0">
    <subfield code="u">https://www.editorialacribia.com</subfield>
    <subfield code="z">Sitio web del editor.</subfield>
  </datafield>
  <datafield tag="942" ind1=" " ind2=" ">
    <subfield code="2">ddc</subfield>
    <subfield code="c">BK</subfield>
  </datafield>
  <datafield tag="980" ind1=" " ind2=" ">
    <subfield code="6">21515</subfield>
    <subfield code="a">ROMINA COBOS Adquisiciones</subfield>
    <subfield code="8">21515</subfield>
    <subfield code="g">ROMINA COBOS Adquisiciones</subfield>
  </datafield>
  <datafield tag="999" ind1=" " ind2=" ">
    <subfield code="c">63063</subfield>
    <subfield code="d">63062</subfield>
  </datafield>
  <datafield tag="952" ind1=" " ind2=" ">
    <subfield code="r">2025-12-03 00:00:00</subfield>
    <subfield code="l">0</subfield>
    <subfield code="o">664.07 R741q</subfield>
    <subfield code="p">82751</subfield>
    <subfield code="t">e1</subfield>
    <subfield code="v">35.00</subfield>
    <subfield code="w">2025-09-23</subfield>
    <subfield code="x">FIA</subfield>
    <subfield code="y">BK</subfield>
    <subfield code="1">0</subfield>
    <subfield code="2">ddc</subfield>
    <subfield code="5">0</subfield>
    <subfield code="7">0</subfield>
    <subfield code="8">GEN</subfield>
    <subfield code="f">P26</subfield>
    <subfield code="a">BUL</subfield>
    <subfield code="b">BUL</subfield>
    <subfield code="c">GEN</subfield>
    <subfield code="d">2025-09-19</subfield>
    <subfield code="e">COMPRA</subfield>
    <subfield code="g">30.00</subfield>
  </datafield>
</record>
